Del sentido de lo sensible y de la memoria y el recuerdo (Registro nro. 4621)
[ vista simple ]
| 000 -ENCABEZADO | |
|---|---|
| Número de control [NR] | 00735nam a2200229Ia 4500 |
| 008 - DE LONGITUD FIJA DE DATOS DE ELEMENTOS - INFORMACIÓN GENERAL | |
| Elementos de longitud fija [NR] | 130821s1973 ag gr spa |
| 040 ## - FUENTE DE CATALOGACION [NR] | |
| Agencia de catalogación original [NR] | Co-BoUCM |
| Idioma de catalogación [NR] | spa |
| 041 ## - CODIGO DE IDIOMA [R] | |
| Código de idioma para texto/pista de sonido o título separado [R] | Español |
| 100 1# - ASIENTO PRINCIPAL--NOMBRE PERSONAL [NR] | |
| Nombre personal [NR] | Arsitoteles |
| Fechas asociadas con el nombre [NR] | 384-322 A.C. |
| ID Autoridad | 155238 |
| 245 10 - MENCION DE TITULO [NR] | |
| Título [NR] | Del sentido de lo sensible y de la memoria y el recuerdo |
| Mención de responsabilidad, etc. [NR] | Aristóteles |
| 250 ## - MENCION DE EDICION [NR] | |
| Mención de edición [NR] | 3a. Ed. |
| 260 ## - PUBLICACION, DISTRIBUCION, ETC. (PIE DE IMPRENTA) [R] | |
| Lugar de publicación, distribución, etc. [R] | Buenos Aires (Argentina) |
| Nombre del editor, distribuidor, etc. [R] | Aguilar |
| Fecha de publicación, distribución, etc. [R] | 1973 |
| 300 ## - DESCRIPCION FISICA [R] | |
| Extensión [R] | 102 páginas |
| 490 ## - MENCION DE SERIE [R] | |
| Mención de serie [R] | Biblioteca de Iniciación Filosófica |
| Designación numérica/secuencial del volumen [NR] | 79 |
| 650 04 - ASIENTO SECUNDARIO DE MATERIA - TERMINO TEMATICO [R] | |
| Término temático o nombre geográfico como elemento de entrada [NR] | Alma |
| 9 (RLIN) | 8851 |
| 650 04 - ASIENTO SECUNDARIO DE MATERIA - TERMINO TEMATICO [R] | |
| Término temático o nombre geográfico como elemento de entrada [NR] | Filosofía aristotélica |
| 9 (RLIN) | 15732 |
| 650 04 - ASIENTO SECUNDARIO DE MATERIA - TERMINO TEMATICO [R] | |
| Término temático o nombre geográfico como elemento de entrada [NR] | Filosofía griega |
| 9 (RLIN) | 15815 |
| 650 04 - ASIENTO SECUNDARIO DE MATERIA - TERMINO TEMATICO [R] | |
| Término temático o nombre geográfico como elemento de entrada [NR] | Filosofía |
| 9 (RLIN) | 75 |
| 650 04 - ASIENTO SECUNDARIO DE MATERIA - TERMINO TEMATICO [R] | |
| Término temático o nombre geográfico como elemento de entrada [NR] | Metafísica |
| 9 (RLIN) | 19397 |
| 942 ## - ELEMENTOS DE ENTRADA AGREGADOS (KOHA) | |
| Tipo de ítem principal el descrito en 300a | Libro |
| Tema principal | Filosofía |
| Edición | 3 |
| Parte restante de la signatura top. | A74s |
| Sistema de clasificación | DEWEY |
| Clasificación | 185 |
| Fecha de último préstamo | Total préstamos | Total Renewals | Signatura topográfica | Código de barras | Última vez visto | Ejemplar | Price effective from | Tipo de ítem | Perdido | Sistema de clasificación | Dañado | No prestable | Tipo de ítem específico | Suprimido | Ubicación habitual | Ubicación actual | Localización | Fecha de creación | Forma de adquisición | Costo |
|---|---|---|---|---|---|---|---|---|---|---|---|---|---|---|---|---|---|---|---|---|
| 31/08/2024 | 7 | 1 | 185 A74s | 100011884 | 05/12/2025 | Ej.1 | 03/02/2013 | Libro | DEWEY | Libro | Claustro | Claustro | 2do piso | 28/02/2003 | Compra | 110.00 |